| 000 | 00574nam a2200205Ia 4500 | ||
|---|---|---|---|
| 003 | OSt | ||
| 005 | 20250304155524.0 | ||
| 008 | 210210b1961 xxu||||| |||| 00| 0 eng d | ||
| 040 | _cAL | ||
| 041 | _ahin | ||
| 082 | _aH891.1 ILAG | ||
| 100 |
_aILAHABADI (Mahakavi Akbar): _9203857 |
||
| 110 |
_bइलाहाबादी महाकवि अकबर _9203858 |
||
| 245 |
_aGandhi nama: _bगाँधी नामा |
||
| 260 |
_aIlahabad _bAkbar Memoriyal Kameti _c1961 |
||
| 300 | _a44 | ||
| 690 |
_aHindi Poetry _9203859 |
||
| 906 | _a030828 | ||
| 942 |
_2ddc _cBK |
||
| 999 |
_c81916 _d81916 |
||